Tous les noms d'oiseaux en français - Statistiques

Statistiques générales
  • Ce quiz a été pris 708 fois
    645 depuis la dernière actualisation
  • Le résultat moyen est 81 sur 809
Statistiques - réponses
Nom % Correct
Aigle
89%
Pigeon
89%
Canard
81%
Corbeau
81%
Pie
80%
Mésange
78%
Perroquet
78%
Rouge-gorge
78%
Mouette
77%
Hibou
76%
Moineau
76%
Chouette
75%
Chouette-pêcheuse
75%
Vautour
74%
Faucon
73%
Merle
73%
Oie
73%
Oie-armée (de Gambie)
73%
Autruche
70%
Colibri
68%
Hirondelle
68%
Martin
68%
Perruche
68%
Buse
67%
Goéland
67%
Corneille
66%
Ara
65%
Pic
65%
Coq
64%
Coq-de-roche
64%
Cygne
63%
Héron
63%
Albatros
61%
Faisan
61%
Tourte (voyageuse)
60%
Colombe
59%
Geai
59%
Flamant
58%
Cigogne
56%
Manchot
56%
Pingouin
56%
Tourterelle
56%
Dindon
54%
Émeu
54%
Grive
52%
Pélican
52%
Pinson
52%
Toucan
52%
Ibis
51%
Aigrette
50%
Kiwi
50%
Alouette
49%
Coucou
49%
Grue
49%
Cormoran
48%
Bécasse
47%
Épervier
47%
Condor
46%
Fou
45%
Perdrix
45%
Busard
44%
Cacatoès
44%
Étourneau
44%
Paon
44%
Caille
43%
Macareux
43%
Sterne
43%
Martin-pêcheur
42%
Milan
42%
Rossignol
42%
Martinet
40%
Choucas
37%
Casoar
36%
Chardonneret
36%
Lori
36%
Pygargue
36%
Pintade
35%
Grand-duc
34%
Gypaète (barbu)
34%
Huppe
34%
Roitelet
34%
Autour
33%
Balbuzard (pêcheur)
33%
Bergeronnette
33%
Rouge-queue
33%
Tétras
33%
Bécassin
32%
Bernache
32%
Bruant
32%
Fauvette
32%
Serin
32%
Foulque
31%
Spatule
31%
Effraie
30%
Grèbe
30%
Inséparable
30%
Verdier
30%
Pipit
29%
Bouvreuil
28%
Chevalier
28%
Guêpier
28%
Loriot
28%
Nandou
28%
Bécasseau
27%
Courlis
27%
Gros-bec
27%
Outarde
27%
Sarcelle
27%
Vanneau
27%
Quetzal
26%
Sittelle
26%
Harfang (des neiges)
25%
Marabout
25%
Butor
24%
Linotte
24%
Petit-duc
24%
Troglodyte
24%
Accenteur
23%
Avocette
23%
Bécassine
23%
Bec-en-sabot (du Nil)
23%
Cardinal
23%
Échasse
23%
Eider
23%
Engoulevent
23%
Frégate
23%
Bec-croisé
22%
Calao
22%
Harpie
22%
Lagopède
22%
Pouillot
22%
Urubu
22%
Chevêche
21%
Gallinule
21%
Guillemot
21%
Martin-chasseur
21%
Paradisier
21%
Pluvier
21%
Bihoreau
20%
Fuligule
20%
Gobemouche
20%
Huîtrier
20%
Pie-grièche
20%
Duc
19%
Grimpereau
19%
Pétrel
19%
Puffin
19%
Râle
19%
Rollier
19%
Tadorne
19%
Circaète
18%
Barge
17%
Chocard (à bec jaune)
17%
Serpentaire
17%
Tarin
17%
Jaseur
16%
Plongeon
16%
Chevêchette
15%
Crave (à bec rouge)
15%
Gorgebleue (à miroir)
15%
Harle
15%
Ouette
15%
Blongios
14%
Bondrée
14%
Fulmar
14%
Gélinotte
14%
Labbe
14%
Océanite
14%
Cincle
13%
Crabier
13%
Élanion
13%
Nette
13%
Rousserolle
13%
Tarier
13%
Diamant
12%
Garrot
12%
Géocoucou
12%
Gorfou
12%
Mainate
12%
Mandarin
12%
Caracara
11%
Cassenoix
11%
Conure
11%
Ganga
11%
Loriquet
11%
Macreuse
11%
Tisserin
11%
Tournepierre
11%
Traquet
11%
Amazone
10%
Cochevis
10%
Dendrocygne
10%
Guifette
10%
Hypolaïs
10%
Marouette
10%
Oriole
10%
Paruline
10%
Torcol
10%
Bec-en-ciseaux
9%
Bulbul
9%
Colin
9%
Coulicou
9%
Fauconnet
9%
Jabiru
9%
Jacana
9%
Messager (sagittaire)
9%
Œdicnème
9%
Piquebœuf
9%
Talève
9%
Bouscarle
8%
Cisticole
8%
Combattant (varié)
8%
Courvite
8%
Durbec
8%
Hocco
8%
Ibijau
8%
Locustelle
8%
Mergule (nain)
8%
Mésangeai
8%
Monticole
8%
Panure
8%
Phaéton
8%
Phragmite
8%
Rémiz
8%
Sizerin
8%
Tantale
8%
Touraco
8%
Tyran
8%
Zostérops
8%
Araçari
7%
Calopsitte (élégante)
7%
Erismature
7%
Glaréole
7%
Harelde kakawi
7%
Jardinier
7%
Niverolle
7%
Ombrette (africaine)
7%
Roselin
7%
Tangara
7%
Toucanet
7%
Trogon
7%
Viréo
7%
Anhinga
6%
Argus
6%
Ariane
6%
Canaroie (semipalmée)
6%
Caurale (soleil)
6%
Hoazin (huppé)
6%
Moqueur
6%
Motmot
6%
Nestor
6%
Pénélope
6%
Quiscale
6%
Tinamou
6%
Vacher
6%
Agami
5%
Ani
5%
Araponga
5%
Arlequin (plongeur)
5%
Barbican
5%
Barbu
5%
Bateleur (des savanes)
5%
Bec-ouvert
5%
Capucin
5%
Carouge
5%
Choucador
5%
Coquette
5%
Coucal
5%
Dronte
5%
Goura
5%
Grallaire
5%
Indicateur
5%
Kagou (huppé)
5%
Manakin
5%
Ménure
5%
Moucherolle
5%
Noddi
5%
Nyctale
5%
Phalarope
5%
Poulette (de roche)
5%
Sarcoramphe (roi)
5%
Tétraogalle
5%
Toui
5%
Tyranneau
5%
Venturon
5%
Veuve
5%
Bengali
4%
Bucorve
4%
Busautour
4%
Caïque
4%
Cassique
4%
Colombar
4%
Colombine
4%
Coracine
4%
Cotinga
4%
Courlan (brun)
4%
Émeraude
4%
Ermite
4%
Fourmilier
4%
Francolin
4%
Gobemoucheron
4%
Goglu (des prés)
4%
Guacharo (des cavernes)
4%
Jacamar
4%
Kétoupa
4%
Mégapode
4%
Merganette (des torrents)
4%
Microtyran
4%
Ortalide
4%
Ptilope
4%
Républicain
4%
Siffleur
4%
Tragopan
4%
Xénique
4%
Acanthize
3%
Agrobate
3%
Alapi
3%
Ammomane
3%
Anserelle
3%
Astriid
3%
Attila
3%
Bécarde
3%
Brève
3%
Cabézon
3%
Calliste
3%
Cariama
3%
Carpophage
3%
Cassican
3%
Chionis
3%
Cordonbleu
3%
Dacnis
3%
Damier (du Cap)
3%
Drome (ardéole)
3%
Dryade
3%
Esclave (palmiste)
3%
Grébifoulque
3%
Guit-Guit
3%
Jacarini (noir)
3%
Junco
3%
Kamichi
3%
Lusciniole (à moustache)
3%
Mango
3%
Méliphage
3%
Merlebleu
3%
Moinelette
3%
Papegeai (maillé)
3%
Passerin
3%
Pione
3%
Saphir
3%
Ada
2%
Amarante
2%
Amytis
2%
Anabate
2%
Babaxe
2%
Bambusicole
2%
Barbacou
2%
Batara
2%
Baza
2%
Bec-d'ibis (tibétin)
2%
Bec-en-faucille
2%
Brassemer
2%
Cama (brune)
2%
Campyloptère
2%
Céréopse (cendrée)
2%
Coliou
2%
Conirostre
2%
Coscoroba (blanc)
2%
Coua
2%
Courol (vouroudriou)
2%
Drongo
2%
Échelet
2%
Échenilleur
2%
Égothèle
2%
Élénie
2%
Éperonnier
2%
Foudi
2%
Fournier
2%
Gallicolombe
2%
Géopélie
2%
Gonolek
2%
Grimpar
2%
Grisin
2%
Gygis
2%
Gymnogène
2%
Haut-de-chausses (à palettes)
2%
Hokki
2%
Inca
2%
Irène
2%
Léipoa (ocellé)
2%
Long-bec (de Bocage)
2%
Lophophore
2%
Maubèche (des champs)
2%
Mérion
2%
Mérulaxe
2%
Mésite
2%
Miro
2%
Myrmidon
2%
Nicobar (à camail)
2%
Ninoxe
2%
Onoré
2%
Organiste
2%
Padda
2%
Palmiste (africain)
2%
Phasianelle
2%
Piauhau
2%
Picumne
2%
Pie-bleue
2%
Pioui
2%
Pluvian (fluviatile)
2%
Porte-éventail (roi)
2%
Porte-lance
2%
Prion
2%
Psittacule
2%
Psittrichas (de Pesquet)
2%
Puffinure
2%
Rouloul
2%
Rufipenne
2%
Salangane
2%
Saltator
2%
Savacou (huppé)
2%
Sirli
2%
Sporophile
2%
Starique
2%
Stourne
2%
Sturnelle
2%
Sucrier
2%
Sylphe
2%
Synallaxe
2%
Syrrhapte
2%
Tchitrec
2%
Tersine (hirondelle)
2%
Tocro
2%
Todier
2%
Todirostre
2%
Turnix
2%
Achétopse (à flanc roux)
1%
Actinodure
1%
Akalat
1%
Akikiki (de Kauai)
1%
Alcippe
1%
Alecto
1%
Allotrie
1%
Amakihi
1%
Anabasitte
1%
Androphobe (vert)
1%
Annumbi
1%
Anomalospize (parasite)
1%
Antriade
1%
Arachnotère
1%
Araguira
1%
Astriid-caille
1%
Atrichorne
1%
Attagis
1%
Aulia
1%
Bagadais
1%
Barbion
1%
Basilorne
1%
Bathmocerque
1%
Becbleu
1%
Bec-en-arc
1%
Bias
1%
Brachyptérolle
1%
Brillant
1%
Brubru (africain)
1%
Bruselin (de Przewalski)
1%
Cacholote
1%
Calobate
1%
Carnifex
1%
Casiorne
1%
Chétopse
1%
Chilia (des rochers)
1%
Chlorospin
1%
Cici
1%
Cinclode
1%
Cinclosome
1%
Cochoa
1%
Combassou
1%
Conopophage
1%
Corbin (de Streseman)
1%
Cordon-noir
1%
Corvinelle
1%
Corythopis
1%
Cossyphe
1%
Couturière
1%
Cratérope
1%
Créadion
1%
Crick (à ventre bleu)
1%
Crombec
1%
Cubla
1%
Dicée
1%
Dickcissel (d’Amérique)
1%
Diduncule (strigirostre)
1%
Doradite
1%
Dormillon
1%
Droméocerque (brun)
1%
Dromoïque (vif-argent)
1%
Électus (Grand)
1%
Érione
1%
Érythrocerque
1%
Eulophe koklass
1%
Eupête (à longue queue)
1%
Euplecte
1%
Eurocéphale
1%
Eurylaime
1%
Évêque
1%
Galloperdrix
1%
Garrulaxe
1%
Gaucho
1%
Géospize
1%
Gérygone
1%
Gladiateur
1%
Grimpeur (d’Hawaï)
1%
Guira cantara
1%
Héliange
1%
Hémiprocné
1%
Héteronette (à tête noire)
1%
Hihi (de Nouvelle-Zélande)
1%
Hypocolius (gris)
1%
Iiwi (rouge)
1%
Iora
1%
Iranie (à gorge blanche)
1%
Irrisor
1%
Ithagine (ensanglantée)
1%
Konichon
1%
Langrayen
1%
Loddigésie (admirable)
1%
Macagua (rieur)
1%
Malcoha
1%
Marmonette (marbrée)
1%
Métallure
1%
Microgoura (de Choiseul)
1%
Mino
1%
Monarque
1%
Nasique
1%
Ophrysie (de l'Himalaya)
1%
Oréophase (cornu)
1%
Otidiphaps (noble)
1%
Oxyrhynque (huppé)
1%
Palicour (de Cayenne)
1%
Pardalote
1%
Paroare
1%
Percefleur
1%
Perdicule
1%
Piapiac africain
1%
Piaye
1%
Picatharte
1%
Pipromorphe
1%
Piranga
1%
Pirolle
1%
Pitohui
1%
Platyrhynque
1%
Polochion
1%
Pomatostome
1%
Pseudobrève
1%
Quéo (rosalbin)
1%
Queue-de-gaze
1%
Queue-grise
1%
Rara
1%
Rhynchée
1%
Rolle
1%
Sarcidiorne (à bosse)
1%
Sclérure
1%
Sentinelle
1%
Séricorne
1%
Sittine
1%
Solitaire
1%
Sourciroux
1%
Spréo (à calotte blanche)
1%
Stictonette (tachetée)
1%
Strigops kakapo
1%
Tacco
1%
Talégalle
1%
Tamatia
1%
Tardivole
1%
Tchagra
1%
Tête-de-feu (pelucheux)
1%
Tête-de-peluche (couronné)
1%
Tétéma
1%
Tityre
1%
Torquéole
1%
Tourco
1%
Travailleur
1%
Trugon (terrestre)
1%
Upucerthie
1%
Vanga
1%
Verdin
1%
Viréon
1%
Yuhina
1%
Zéna
1%
Alauahlo
0%
Alèthe
0%
Amandine
0%
Amblyospize (à front blanc)
0%
Amphilaïs (tachetée)
0%
Anaplecte (écarlate)
0%
Apalis
0%
Arrenga
0%
Artlamie
0%
Auripare (verdun)
0%
Barite (chauve)
0%
Beaumarquet
0%
Bec-en-cheville (gris)
0%
Brachycope (du Congo)
0%
Brachyptère
0%
Bradybate (à queue rouge)
0%
Calandrite
0%
Calicalic (malgache)
0%
Camaroptère
0%
Carilloneur (huppé)
0%
Cataménie
0%
Charitospize (charbonnier)
0%
Chipiu
0%
Chlamydochère (de Bornéo)
0%
Chloropète
0%
Cichladuse
0%
Cipaye (écarlate)
0%
Cnémophile
0%
Commandeur (huppé)
0%
Coryphaspize (à joues noires)
0%
Cutie (du Népal)
0%
Dasyorne
0%
Diuca
0%
Donacospize (des marais)
0%
Dos-vert
0%
Drymode
0%
Elminie
0%
Embernagre
0%
Éminie (à calotte grise)
0%
Énicure
0%
Énode (à soucils rouges)
0%
Epithianure
0%
Érémonèle
0%
Éroesse
0%
Erponis (à ventre blanc)
0%
Eurycère (de Prévost)
0%
Falconelle (à casque)
0%
Falculie (mantelée)
0%
Fauvine (des pins)
0%
Fouditany (à sourcils jaunes)
0%
Founingo
0%
Fulvetta
0%
Gampsorin
0%
Géositte
0%
Glaucope
0%
Godale
0%
Goulin Gris
0%
Gralline
0%
Graminicole
0%
Grandala Bleu
0%
Grand-verdier (de Socotra)
0%
Grauérie (striée)
0%
Gulraca (bleu)
0%
Habla
0%
Haplospize
0%
Hémignathe
0%
Histurgopse (à queue rouge)
0%
Horizorin (de Dohrn)
0%
Hylia (verte)
0%
Hyliote
0%
Hymenolaime (bleu)
0%
Hypositte (malgache)
0%
Idiopsar (à queue courte)
0%
Ifrita (de Kowald)
0%
Kakameg (à portrine grise)
0%
Katjé
0%
Lanielle (à queue blanche)
0%
Largebec
0%
Lélothrix
0%
Lerva (des neiges)
0%
Lessonie
0%
Linurge (loriot)
0%
Lioptile (à calotte noire)
0%
Lophospingue
0%
Loxopse
0%
Mahall
0%
Malimbe
0%
Mégalure
0%
Mégasittine (du Brésil)
0%
Mélampitte
0%
Mélanodère
0%
Mélocichle (à moustache)
0%
Mésangette (rayée)
0%
Microbate
0%
Micropsitte
0%
Mignard (enchanteur)
0%
Minivet
0%
Minla
0%
Modulatrice
0%
Moho
0%
Mohoua
0%
Moisson (pied-blanc)
0%
Moupinie
0%
Mystacorne (de Crossley)
0%
Myzomèle
0%
Myzorne (queue-de-feu)
0%
Namiorne (héréro)
0%
Néocossyphe
0%
Néositte
0%
Néospize (de Sao Tomé)
0%
Nésille
0%
Nésospize
0%
Newtonie
0%
Nigrette
0%
Noircap (Loriot)
0%
Notodèle
0%
Notodère
0%
Nukupuu
0%
Nymphée
0%
Oréochare (des Arfaks)
0%
Origma des rochers
0%
Oriolie (de Bremer)
0%
Orthonyx
0%
Oxylabe (à gorge blanche)
0%
Pachycare (nain)
0%
Palette
0%
Palmérie (huppée)
0%
Paradoxornis
0%
Paramythie (huppée)
0%
Pardusco (d’O’Neill)
0%
Parisome
0%
Parmoptile
0%
Parophasme (de Galnier)
0%
Peltopse
0%
Pépoaza
0%
Pèrenoir
0%
Phapitéron
0%
Phénopèple (luisant)
0%
Phénoptyle (noir et jaune)
0%
Philentome
0%
Philépitte
0%
Phodile
0%
Phrygile
0%
Phyllanthe
0%
Phyllolaïs (à ventre fauve)
0%
Picchion (cramoisi)
0%
Picerthie (de Saint-Hilaire)
0%
Picotelle (à gorge blanche)
0%
Piprite
0%
Piquebale
0%
Pique-orange (de la Jamaïque)
0%
Pitajo
0%
Plectophrane
0%
Plézorhin (cendré)
0%
Pluniavelle (magellanique)
0%
Podoce
0%
Poliolaïs (à queue blanche)
0%
Pomathorin
0%
Po-o-ull (masqué)
0%
Porphyrin (à bec jaune)
0%
Porte-traînes
0%
Prinla
0%
Pririt
0%
Promérops
0%
Pseudoalcippe
0%
Pseudolangrayen
0%
Pseudominla
0%
Pseudonestor (de Maul)
0%
Pseudosittine (à collier)
0%
Pseudotraquet (indien)
0%
Psittirostre
0%
Psophode
0%
Ptilogon
0%
Ptilorrhoa
0%
Pycnoptile compagnon
0%
Pyréneste
0%
Pyrrhoplecte (à nuque d’or)
0%
Quatre-yeux (Petit)
0%
Randie (malgache)
0%
Réveilleur
0%
Rhabdornis
0%
Rhipidure
0%
Rhopophile (de Pékin)
0%
Rochassier (des éboulis)
0%
Rowettie (de Gough)
0%
Saltraticule (du Chaco)
0%
Sapayoa (à bec large)
0%
Schetbé (roux)
0%
Scissirostre (des Célèbes)
0%
Sénégali
0%
Shama
0%
Sibla
0%
Sicale
0%
Siva (à ailes bleues)
0%
Smaragdan
0%
Soulmanga
0%
Sphécothère
0%
Sphénoèque (du Cap)
0%
Spizin (de Cocos)
0%
Sporopipe
0%
Stizhorhin
0%
Streptocitte
0%
Taurillon
0%
Témia
0%
Téphrodorne
0%
Tésie
0%
Tétraophase
0%
Thinocore
0%
Timalle
0%
Tohl
0%
Torrentaire (à calotte blanche)
0%
Tourlette
0%
Toxoramphe
0%
Trembleur
0%
Trichordrome (échelette)
0%
Turdinule
0%
Tylas (à tête noire)
0%
Urotangara
0%
Xénodacnis (mésange)
0%
Xénospingue (uniforme)
0%
Aucun quiz correspondant
Distribution des résultats
% des personnes avec chaque résultat
Percentile par nombre de réponses
Votre historique - résultats
Vous n’avez pas pris ce quiz depuis la dernière actualisation